000 00259nam a2200109Ia 4500
008 190216s9999||||xx |||||||||||||| ||und||
100 _aVarrier P A
245 0 _aChavitti Kuzhacha Mannu
260 _bCurrent Books
650 _aKathakal Malayalm
942 _cBK
999 _c23588
_d23588